International group for lean construction (Record no. 120966)

MARC details
000 -LEADER
fixed length control field 00913cai a22002055a 4500
001 - CONTROL NUMBER
control field L155736
008 - FIXED-LENGTH DATA ELEMENTS--GENERAL INFORMATION
fixed length control field 120413u2012 xxk f 000 0 eng d
035 ## - SYSTEM CONTROL NUMBER
System control number (Sirsi) u155736
041 0# - LANGUAGE CODE
Language code of text/sound track or separate title eng
110 2# - MAIN ENTRY--CORPORATE NAME
Corporate name or jurisdiction name as entry element The International Group for Lean Construction
245 00 - TITLE STATEMENT
Title International group for lean construction
Medium [electronic resource]
260 ## - PUBLICATION, DISTRIBUTION, ETC.
Place of publication, distribution, etc. [S.l.]
Name of publisher, distributor, etc. IGLC
Date of publication, distribution, etc. 2012
520 ## - SUMMARY, ETC.
Summary, etc. The International Group for Lean Construction (IGLC), founded in 1993, makes up a network of professionals and researchers in architecture, engineering, and construction (AEC) who feel that the practice, education, and research of AEC have to be radically renewed in order to respond to the challenges ahead.
590 ## - LOCAL NOTE (RLIN)
Local note KA
651 #4 - SUBJECT ADDED ENTRY--GEOGRAPHIC NAME
Geographic name International
690 ## - LOCAL SUBJECT ADDED ENTRY--TOPICAL TERM (OCLC, RLIN)
Topical term or geographic name as entry element Construction management
9 (RLIN) 6230
690 ## - LOCAL SUBJECT ADDED ENTRY--TOPICAL TERM (OCLC, RLIN)
Topical term or geographic name as entry element Design and specification
856 40 - ELECTRONIC LOCATION AND ACCESS
Uniform Resource Identifier <a href="https://www.iglc.net/">https://www.iglc.net/</a>
Public note View their website at www.iglc.net
942 ## - ADDED ENTRY ELEMENTS (KOHA)
Suppress in OPAC 0
Holdings
Withdrawn status Lost status Source of classification or shelving scheme Damaged status Not for loan Home library Current library Shelving location Date acquired Total Checkouts Full call number Barcode Date last seen Copy number Price effective from Koha item type
    Dewey Decimal Classification     Virtual Virtual Online 13/04/2012   WEB-SITE 155736-2001 06/08/2019 1 06/08/2019 Online material